A Monte Carlo method simulation of the European funds that can be accessed by Romania in 2014-2020

Štatistické výpočty relevantných simulačných riešení pre odhadnutie európskych fondov, ku ktorým má Rumunsko prístup v druhom rozpočtovom cykle (2014 - 2020). Uprednostnila sa klasická ekonometrická forma modelovania prostredníctvom simulačnej metódy Monte Carlo. Metóda, hypotézy a porovnanie optimi...

Ausführliche Beschreibung

Gespeichert in:
Bibliographische Detailangaben
1. Verfasser: Săvoiu, Gheorghe
Weitere Verfasser: Burtescu, Emil, Dinu, Vasile, Tudoroiu, Ligian
Format: Buchkapitel
Sprache:Englisch
Schlagworte:
Tags: Tag hinzufügen
Keine Tags, Fügen Sie das erste Tag hinzu!

MARC

LEADER 00000naa a2200000 4500
001 0236498
005 20220719115420.3
041 0 |a eng 
044 |a CZ 
245 1 0 |a A Monte Carlo method simulation of the European funds that can be accessed by Romania in 2014-2020  |c Gheorghe Săvoiu, Emil Burtescu, Vasile Dinu, Ligian Tudoroiu 
520 |a Štatistické výpočty relevantných simulačných riešení pre odhadnutie európskych fondov, ku ktorým má Rumunsko prístup v druhom rozpočtovom cykle (2014 - 2020). Uprednostnila sa klasická ekonometrická forma modelovania prostredníctvom simulačnej metódy Monte Carlo. Metóda, hypotézy a porovnanie optimistického a pesimistického scenára výsledkov simulácie Monte Carlo. 
610 2 0 |a Rumunsko 
610 2 0 |a fondy Európskej únie 
610 2 0 |a situácia finančná obyvateľstva 
610 2 0 |a modelovanie finančné 
610 2 0 |a prognózy hospodárske 
610 2 0 |a hospodárstvo národné 
610 2 0 |a rozpočet štátny 
610 2 0 |a ekonometria 
610 2 0 |a metóda Monte Carlo 
100 1 |a Săvoiu, Gheorghe 
700 1 |a Burtescu, Emil 
700 1 |a Dinu, Vasile 
700 1 |a Tudoroiu, Ligian